000 nam a22 a 4500
999 _c2023
_d2023
003 AKMAL
005 20170515090616.0
008 170515s1994 my f00 eng d
040 _aAKMAL
082 0 4 _a354.595 AHM
090 0 0 _a354.595
_bAHM
110 1 _aMalaysia.
_bKetua Setiausaha Negara
_9551
245 1 4 _aThe civil service of Malaysia towards vision 2020 :
_bimprovements and development in the civil service of Malaysia 1994 /
_creport by Tan Sri Dato' Seri Ahmad Sarji bin Abdul Hamid, Chief Secretary to the Governemt
260 _a[Kuala Lumpur :
_bprinted by Percetakan Nasional Malaysia,
_c1995]
300 _axii, 345p. :
_bill. (chief col.) ;
_c24cm
500 _a"This is the fifth in a series produced to document the administrative improvement efforts of the civil service" -- introduction.
500 _aAlso published in Malay
650 _aCivil service
_zMalaysia
_9420
650 _aPublic administration
_zMalaysia
_9419
700 0 _aAhmad Sarji Abdul Hamid,
_cTan Sri Dato' Seri,
_d1938-
_9508
740 2 _aImprovements and development in the civil service of Malaysia 1994
942 _2ddc
_cBOOK